| 000 | 00970nam a22002897a 4500 | ||
|---|---|---|---|
| 001 | 8468 | ||
| 003 | FISKH | ||
| 005 | 20250915104205.0 | ||
| 008 | 250915b cb ||||| |||| 00| 0 eng d | ||
| 020 | _a9780140546491 | ||
| 040 |
_aFISKH _beng _cFISKH _dFISKH |
||
| 050 | _aPZ7.K292 I | ||
| 082 | _a823.9 | ||
| 100 | _aKellogg, Steven | ||
| 245 |
_aThe island od the Skog / _cstory and pictures by Steven Kellogg |
||
| 260 |
_aNew York : _bPuffin Books , _c1973. |
||
| 300 |
_a32 unnumbered pages : _bcolor illustrations ; _c23 x 27 cm. |
||
| 505 | _aM | ||
| 520 | _aTo escape the dangers of urban life, Jenny and her friends sail away to an island, only to be faced with a new problem--its single inhabitant--the Skog. | ||
| 521 | 8 |
_a530
_bLexile |
|
| 521 | 8 |
_aM
_bRaz-Plus |
|
| 650 |
_aConflict resolution _vFiction |
||
| 650 |
_aCooperation _vFiction |
||
| 700 |
_aKellogg, Steven _eIllustrator |
||
| 942 |
_2ddc _cBK _n0 |
||
| 999 |
_c8468 _d8468 |
||